000 00256nam a22001097a 4500
041 _aENG
100 _aBehl .R.K
245 _aRenewable Energy Resources And Their Management
260 _aDelhi
_bAgrobios
_c2013
650 _aEOES
856 _uEOES ( 39 )
999 _c1288
_d1288